[Event "22nd ETCC Women 2019"]
[Site "Batumi"]
[Date "2019.10.24"]
[Round "1.20"]
[White "Mammadova, Gulnar"]
[Black "Limanovska, Elizabete"]
[Result "1-0"]
[WhiteElo "2369"]
[BlackElo "2186"]
[Annotator "NA"]
[PlyCount "75"]
[EventDate "2019.10.24"]
[EventType "team-tourn"]
[EventCountry "GEO"]
[SourceTitle "playchess.com"]
[Source "ChessBase"]
[SourceQuality "1"]
[WhiteTeam "Azerbaijan"]
[BlackTeam "Latvia"]
[WhiteTeamCountry "AZE"]
[BlackTeamCountry "LAT"]
[TimeControl "40/5400+30:1800+30"]

1. e4 {[%emt 0:00:00]} e5 {[%emt 0:00:00]} 2. Nf3 {[%emt 0:00:00]} Nc6 {[%emt 0:00:00]} 3. Bc4 {[%emt 0:00:19]} Bc5 {[%emt 0:00:09]} 4. d3 {[%emt 0:00:36]} Nf6 {[%emt 0:01:52]} 5. O-O {[%emt 0:02:27]} h6 {[%emt 0:03:21]} 6. c3 {[%emt 0:02:50]} d6 {[%emt 0:01:14]} 7. a4 {[%emt 0:01:19]} a5 {[%emt 0:00:28]} 8. Na3 {[%emt 0:02:07]} Bxa3 {[%emt 0:03:04]} 9. Rxa3 {[%emt 0:00:09]} O-O {[%emt 0:01:41]} 10. Re1 {[%emt 0:04:28]} Be6 {[%emt 0:12:40]} 11. Bb5 {[%emt 0:05:05]} Ne7 {[%emt 0:14:40]} 12. d4 {[%emt 0:05:40]} Ng6 {[%emt 0:02:46]} 13. Bf1 {[%emt 0:03:17]} Re8 {[%emt 0:09:17]} 14. c4 {[%emt 0:05:54]} c5 {[%emt 0:10:06]} 15. d5 {[%emt 0:12:40]} Bd7 {[%emt 0:03:53]} 16. g3 {[%emt 0:04:10]} Qc8 {[%emt 0:07:26]} 17. Nh4 {[%emt 0:09:03]} Nxh4 {[%emt 0:03:46]} 18. gxh4 {[%emt 0:00:07]} Bg4 {[%emt 0:01:01]} 19. Qc2 {[%emt 0:02:31]} Nh5 {[%emt 0:02:33]} 20. h3 {[%emt 0:02:49]} Bd7 {[%emt 0:00:52]} 21. Qd1 {[%emt 0:00:59]} Nf6 {[%emt 0:05:39]} 22. Kh2 {[%emt 0:01:52]} Kh7 {[%emt 0:01:48]} 23. Bg2 {[%emt 0:04:59]} Qd8 {[%emt 0:01:54]} 24. f4 {[%emt 0:09:44]} Qe7 {[%emt 0:00:17]} 25. Rg3 {[%emt 0:01:12]} Rg8 {[%emt 0:02:52]} 26. Bf3 {[%emt 0:03:04]} Be8 {[%emt 0:05:15]} 27. f5 {[%emt 0:05:00]} Nd7 {[%emt 0:00:13]} 28. Reg1 {[%emt 0:03:38]} Qxh4 {[%emt 0:02:49]} 29. Rg4 {[%emt 0:01:38]} Qe7 {[%emt 0:01:30]} 30. Qe1 {[%emt 0:02:51]} Nf6 {[%emt 0:00:47]} 31. R4g2 {[%emt 0:01:42]} Bxa4 {[%emt 0:00:31]} 32. Qh4 {[%emt 0:00:44]} Qf8 {[%emt 0:01:01]} 33. Bg5 {[%emt 0:02:40]} Nd7 {[%emt 0:00:29]} 34. Bxh6 {[%emt 0:00:15]} gxh6 {[%emt 0:00:18]} 35. Rxg8 {[%emt 0:00:04]} Qxg8 {[%emt 0:00:05]} 36. Rxg8 {[%emt 0:00:03]} Rxg8 {[%emt 0:00:04]} 37. Qe7 {[%emt 0:00:24]} Kg7 {[%emt 0:01:22]} 38. b3 {[%emt 0:01:26]} 1-0

[Event "22nd ETCC Women 2019"]
[Site "Batumi"]
[Date "2019.10.24"]
[Round "1.20"]
[White "Mabille, Natacha"]
[Black "Lanchava, Tea"]
[Result "0-1"]
[WhiteElo "1939"]
[BlackElo "2236"]
[Annotator "NA"]
[PlyCount "84"]
[EventDate "2019.10.24"]
[EventType "team-tourn"]
[EventCountry "GEO"]
[SourceTitle "playchess.com"]
[Source "ChessBase"]
[SourceQuality "1"]
[WhiteTeam "Belgium"]
[BlackTeam "Netherlands"]
[WhiteTeamCountry "BEL"]
[BlackTeamCountry "NED"]
[TimeControl "40/5400+30:1800+30"]

1. e4 {[%emt 0:00:00]} c6 {[%emt 0:00:00]} 2. d4 {[%emt 0:00:00]} g6 {[%emt 0:00:00]} 3. Nc3 {[%emt 0:00:39]} Bg7 {[%emt 0:00:34]} 4. Bc4 {[%emt 0:01:22]} d6 {[%emt 0:03:06]} 5. Nf3 {[%emt 0:01:26]} e6 {[%emt 0:03:05]} 6. O-O {[%emt 0:01:53]} d5 {[%emt 0:06:16]} 7. exd5 {[%emt 0:05:13]} cxd5 {[%emt 0:00:06]} 8. Bb5+ {[%emt 0:02:37]} Bd7 {[%emt 0:00:44]} 9. Bf4 {[%emt 0:10:17]} Nf6 {[%emt 0:08:16]} 10. Bxd7+ {[%emt 0:07:43]} Qxd7 {[%emt 0:02:59]} 11. Ne5 {[%emt 0:05:22]} Qd8 {[%emt 0:02:34]} 12. Qd3 {[%emt 0:02:53]} O-O {[%emt 0:02:10]} 13. Qb5 {[%emt 0:01:36]} b6 {[%emt 0:00:42]} 14. a4 {[%emt 0:04:19]} a6 {[%emt 0:03:34]} 15. Qb4 {[%emt 0:10:38]} Nh5 {[%emt 0:01:50]} 16. Ne2 {[%emt 0:08:54]} Nxf4 {[%emt 0:03:55]} 17. Nxf4 {[%emt 0:00:06]} Qc7 {[%emt 0:08:19]} 18. Nfd3 {[%emt 0:04:56]} f6 {[%emt 0:01:58]} 19. Nf3 {[%emt 0:03:55]} Nc6 {[%emt 0:01:48]} 20. Qd2 {[%emt 0:02:30]} e5 {[%emt 0:06:23]} 21. dxe5 {[%emt 0:08:10]} fxe5 {[%emt 0:00:10]} 22. Nb4 {[%emt 0:00:37]} Nxb4 {[%emt 0:02:00]} 23. Qxb4 {[%emt 0:00:09]} Qc5 {[%emt 0:05:52]} 24. Qb3 {[%emt 0:03:30]} Rad8 {[%emt 0:03:20]} 25. Rad1 {[%emt 0:00:54]} Kh8 {[%emt 0:00:19]} 26. c3 {[%emt 0:00:37]} Rf4 {[%emt 0:01:46]} 27. Rd2 {[%emt 0:01:51]} Qc6 {[%emt 0:05:02]} 28. Rfd1 {[%emt 0:02:24]} Rc4 {[%emt 0:04:35]} 29. h3 {[%emt 0:02:06]} Bf6 {[%emt 0:00:47]} 30. Re2 {[%emt 0:01:17]} e4 {[%emt 0:06:46]} 31. Nd4 {[%emt 0:00:57]} Bxd4 {[%emt 0:00:41]} 32. Rxd4 {[%emt 0:00:11]} Rxd4 {[%emt 0:00:41]} 33. cxd4 {[%emt 0:00:06]} Rc8 {[%emt 0:00:57]} 34. Re1 {[%emt 0:01:13]} Rf8 {[%emt 0:04:31]} 35. Qg3 {[%emt 0:02:36]} Rf5 {[%emt 0:01:01]} 36. f3 {[%emt 0:01:51]} Qf6 {[%emt 0:03:57]} 37. fxe4 {[%emt 0:00:50]} Qxd4+ {[%emt 0:00:19]} 38. Kh1 {[%emt 0:00:15]} dxe4 {[%emt 0:00:50]} 39. Qb8+ {[%emt 0:00:16]} Kg7 {[%emt 0:00:05]} 40. Qb7+ {[%emt 0:00:00]} Rf7 {[%emt 0:00:00]} 41. Qxe4 {[%emt 0:01:46]} Rf1+ {[%emt 0:02:21]} 42. Kh2 {[%emt 0:00:43]} Qg1+ {[%emt 0:00:11]} 0-1

[Event "22nd ETCC Women 2019"]
[Site "Batumi"]
[Date "2019.10.24"]
[Round "1.21"]
[White "Guichard, Pauline"]
[Black "Cramling, Pia"]
[Result "1/2-1/2"]
[WhiteElo "2407"]
[BlackElo "2462"]
[Annotator "TA"]
[PlyCount "156"]
[EventDate "2019.10.24"]
[EventType "team-tourn"]
[EventCountry "GEO"]
[SourceTitle "playchess.com"]
[Source "ChessBase"]
[SourceQuality "1"]
[WhiteTeam "France"]
[BlackTeam "Sweden"]
[WhiteTeamCountry "FRA"]
[BlackTeamCountry "SWE"]

{[%evp 29,156,0,7,0,0,-5,18,10,17,0,0,0,0,0,0,-7,0,0,0,0,0,0,0,0,0,0,33,12,8,0,0,3,34,0,3,-13,0,0,0,-18,0,-75,-73,-165,-129,-110,-79,-81,-48,-54,-31,-93,-101,-103,-82,-111,-105,-102,-97,-104,-106,-90,-100,-103,-104,-135,-127,-160,-59,-60,-66,-64,-47,-122,-16,-16,0,-126,-122,-120,-123,-142,-130,-118,-86,-121,-125,-126,-120,-126,-127,-128,-128,-212,-228,-212,-30,-29,-8,-8,0,0,0,0,0,-564,0,-8,0,0,0,0,0,0,0,0,0,0,0,0,0,0,0,0,0,0,0,0,0]} 1. c4 e6 2. Nf3 b6 3. g3 Bb7 4. Bg2 Nf6 5. b3 Be7 6. Bb2 d5 7. O-O O-O 8. e3 c5 9. Nc3 dxc4 10. bxc4 Nc6 11. Qe2 Qc7 12. Nb5 Qc8 13. Rfd1 a6 14. Nc3 Rd8 15. Rac1 Qc7 16. Ba1 {A14: English Opening: 1...e6 with b3 by White} Rab8 {[#]} 17. Rb1 $146 ({Predecessor:} 17. Na4 Ba8 18. d4 Qa7 19. Ng5 h6 20. Ne4 Nxe4 21. Bxe4 Na5 22. d5 b5 23. cxb5 axb5 {1-0 (34) Kramnik,V (2760)-Mista,A (2616) Doha 2014}) 17... Nd7 18. Ne1 Na5 19. f4 Bxg2 20. Nxg2 Nf6 21. Ne1 Qd7 22. Nf3 Qd3 23. Qxd3 Rxd3 24. Ne5 Rdd8 25. d3 Ne8 26. Kf2 f6 27. Nf3 Nc7 28. Ke2 b5 29. Nd2 Nc6 30. Nb3 f5 31. h3 Kf7 32. g4 g6 33. g5 Bd6 34. Kf3 e5 35. Ne2 (35. Nd5 $11 {remains equal.}) 35... Ne6 $17 36. Rbc1 (36. h4 $17 {was worth a try.}) 36... exf4 37. exf4 Be7 (37... Nb4 {feels hotter.} 38. Rd2 bxc4 39. Rxc4 Nxa2 40. Bf6 Rd7) 38. cxb5 Rxb5 (38... Nb4 {seems wilder.} 39. bxa6 Nxd3 40. Rb1 Ra8 41. Na5 Rxa6 42. Bc3 Nb4) 39. d4 Ncxd4+ 40. Nexd4 (40. Bxd4 $15 cxd4 41. Nbxd4) 40... cxd4 41. Nxd4 Ra5 $1 42. Nxe6 Ra3+ 43. Kg2 Rxa2+ 44. Kf3 Ra3+ 45. Kg2 Rxd1 46. Rxd1 Kxe6 {[%mdl 4096] Endgame KRB-KRB} 47. Re1+ Kf7 48. Be5 Ra5 (48... a5 $17 49. Rc1 a4) 49. h4 $1 $15 Rb5 50. Rc1 Bc5 51. Rd1 ({White should try} 51. Rh1 $1 $15) 51... Rb7 (51... Ke6 $17 {Threatening ...a5.} 52. Rd8 Rb7) 52. Rc1 $11 Rb5 (52... Bf8 $11) 53. Rd1 $17 {With the idea Rd7+.} Ke6 54. Rd8 Rb7 $1 55. Ra8 {[#]} Ra7 $1 {[%cal Ra7a8]} 56. Rc8 Be7 57. Kg3 {[#]} a5 $1 {[%cal Ra5a4] ...a4 is the strong threat.} 58. h5 gxh5 59. Kh4 a4 {aiming for ...a3.} 60. Kxh5 a3 {White must now prevent ...a2.} 61. Rc6+ (61. g6 $17 hxg6+ 62. Kxg6) 61... Kd5 $19 62. Rc1 Bb4 $2 (62... Bc5 $19 {Threatens to win with ...Ra6.} 63. g6 hxg6+ 64. Kxg6 Be3) 63. g6 $1 $11 {[%cal Rg6g7]} hxg6+ 64. Kxg6 a2 65. Kxf5 Ra3 66. Rd1+ Kc4 67. Ke6 $2 {[%mdl 8192]} (67. Ke4 $11) 67... Ra6+ $2 (67... Re3 $19 {Hoping for ...Re1.} 68. Rc1+ Kb3) 68. Kf7 {The position is equal.} Bc3 69. Bxc3 $1 Kxc3 {KR-KR} 70. f5 a1=Q 71. Rxa1 Rxa1 {KR-KP} 72. f6 Kd4 {( -> ...Ke5)} 73. Kg7 Rg1+ 74. Kh7 Rf1 75. Kg7 Ke5 76. f7 Ke6 77. f8=Q Rxf8 78. Kxf8 Ke5 {Accuracy: White = 58%, Black = 50%.} 1/2-1/2

[Event "22nd ETCC Women 2019"]
[Site "Batumi"]
[Date "2019.10.24"]
[Round "1.21"]
[White "Stojkovska, Monika"]
[Black "Eric, Jovana"]
[Result "1/2-1/2"]
[WhiteElo "2108"]
[BlackElo "2285"]
[Annotator "NA"]
[PlyCount "111"]
[EventDate "2019.10.24"]
[EventType "team-tourn"]
[EventCountry "GEO"]
[SourceTitle "playchess.com"]
[Source "ChessBase"]
[SourceQuality "1"]
[WhiteTeam "Macedonia"]
[BlackTeam "Serbia"]
[WhiteTeamCountry "MKD"]
[BlackTeamCountry "SRB"]
[TimeControl "40/5400+30:1800+30"]

1. e4 {[%emt 0:00:00]} e6 {[%emt 0:00:00]} 2. d4 {[%emt 0:00:00]} d5 {[%emt 0:00:00]} 3. Nd2 {[%emt 0:00:00]} c5 {[%emt 0:00:00]} 4. exd5 {[%emt 0:00:00]} Qxd5 {[%emt 0:00:00]} 5. Ngf3 {[%emt 0:00:09]} cxd4 {[%emt 0:00:29]} 6. Bc4 {[%emt 0:00:23]} Qd6 {[%emt 0:00:14]} 7. O-O {[%emt 0:00:38]} Nf6 {[%emt 0:00:26]} 8. Nb3 {[%emt 0:00:32]} Nc6 {[%emt 0:00:21]} 9. Nbxd4 {[%emt 0:00:57]} Nxd4 {[%emt 0:00:23]} 10. Nxd4 {[%emt 0:00:22]} Be7 {[%emt 0:00:37]} 11. c3 {[%emt 0:12:21]} O-O {[%emt 0:01:00]} 12. Qf3 {[%emt 0:04:06]} Qc7 {[%emt 0:03:12]} 13. Bb3 {[%emt 0:00:44]} Bd7 {[%emt 0:01:37]} 14. Bg5 {[%emt 0:03:01]} a5 {[%emt 0:03:09]} 15. a4 {[%emt 0:05:38]} Bc6 {[%emt 0:06:37]} 16. Nxc6 {[%emt 0:08:35]} bxc6 {[%emt 0:00:19]} 17. Bxf6 {[%emt 0:02:04]} Bxf6 {[%emt 0:00:07]} 18. Rab1 {[%emt 0:05:22]} Rfd8 {[%emt 0:11:09]} 19. Rfd1 {[%emt 0:01:49]} Qb6 {[%emt 0:01:12]} 20. Bc4 {[%emt 0:08:02]} Qc5 {[%emt 0:05:07]} 21. Qe2 {[%emt 0:05:26]} Rab8 {[%emt 0:07:03]} 22. Rxd8+ {[%emt 0:17:59]} Rxd8 {[%emt 0:00:18]} 23. Bd3 {[%emt 0:02:37]} g6 {[%emt 0:02:00]} 24. g3 {[%emt 0:00:37]} Kg7 {[%emt 0:03:00]} 25. Rd1 {[%emt 0:06:30]} Qb6 {[%emt 0:03:29]} 26. Qc2 {[%emt 0:02:10]} Rd5 {[%emt 0:03:02]} 27. Kg2 {[%emt 0:01:31]} Be7 {[%emt 0:17:01]} 28. Be2 {[%emt 0:02:23]} Rf5 {[%emt 0:01:46]} 29. Bf3 {[%emt 0:00:34]} Bc5 {[%emt 0:00:13]} 30. Rd2 {[%emt 0:01:03]} Be7 {[%emt 0:09:37]} 31. Rd7 {[%emt 0:03:07]} Bc5 {[%emt 0:10:34]} 32. Rd2 {[%emt 0:00:51]} Re5 {[%emt 0:00:48]} 33. Re2 {[%emt 0:01:31]} Rxe2 {[%emt 0:04:08]} 34. Qxe2 {[%emt 0:00:04]} Bd6 {[%emt 0:00:48]} 35. Qe4 {[%emt 0:03:28]} c5 {[%emt 0:02:36]} 36. Qb7 {[%emt 0:00:42]} Qd8 {[%emt 0:01:16]} 37. Qa8 {[%emt 0:00:46]} Qc7 {[%emt 0:01:34]} 38. Qb7 {[%emt 0:00:22]} f5 {[%emt 0:01:32]} 39. Qxc7+ {[%emt 0:01:01]} Bxc7 {[%emt 0:00:05]} 40. Bc6 {[%emt 0:00:00]} Kf6 {[%emt 0:00:00]} 41. Kf3 {[%emt 0:03:45]} Ke5 {[%emt 0:01:50]} 42. Ke2 {[%emt 0:02:27]} g5 {[%emt 0:01:15]} 43. h3 {[%emt 0:01:15]} Bb6 {[%emt 0:04:45]} 44. Bb5 {[%emt 0:02:19]} Kd5 {[%emt 0:02:51]} 45. Kd3 {[%emt 0:02:08]} h5 {[%emt 0:06:25]} 46. Bc4+ {[%emt 0:04:09]} Ke5 {[%emt 0:01:12]} 47. Ke3 {[%emt 0:00:16]} h4 {[%emt 0:01:19]} 48. gxh4 {[%emt 0:05:08]} gxh4 {[%emt 0:00:05]} 49. f3 {[%emt 0:03:44]} Bd8 {[%emt 0:01:34]} 50. f4+ {[%emt 0:04:28]} Kf6 {[%emt 0:00:16]} 51. Kf3 {[%emt 0:01:17]} e5 {[%emt 0:00:08]} 52. fxe5+ {[%emt 0:00:45]} Kxe5 {[%emt 0:00:06]} 53. b3 {[%emt 0:00:23]} Bg5 {[%emt 0:00:18]} 54. Bg8 {[%emt 0:01:22]} Bd2 {[%emt 0:00:17]} 55. Bc4 {[%emt 0:00:13]} Bxc3 {[%emt 0:00:12]} 56. Bg8 {[%emt 0:00:09]} 1/2-1/2

[Event "22nd ETCC Women 2019"]
[Site "Batumi"]
[Date "2019.10.24"]
[Round "1.22"]
[White "Injac, Teodora"]
[Black "Bejatovic, Bojana"]
[Result "1-0"]
[WhiteElo "2257"]
[BlackElo "2004"]
[Annotator "NA"]
[PlyCount "39"]
[EventDate "2019.10.24"]
[EventType "team-tourn"]
[EventCountry "GEO"]
[SourceTitle "playchess.com"]
[Source "ChessBase"]
[SourceQuality "1"]
[WhiteTeam "Serbia"]
[BlackTeam "Macedonia"]
[WhiteTeamCountry "SRB"]
[BlackTeamCountry "MKD"]
[TimeControl "40/5400+30:1800+30"]

1. Nf3 {[%emt 0:00:00]} Nf6 {[%emt 0:00:00]} 2. g3 {[%emt 0:00:39]} g6 {[%emt 0:00:00]} 3. Bg2 {[%emt 0:01:02]} Bg7 {[%emt 0:00:00]} 4. O-O {[%emt 0:00:58]} O-O {[%emt 0:00:20]} 5. d4 {[%emt 0:03:08]} d6 {[%emt 0:01:26]} 6. Re1 {[%emt 0:03:29]} Nbd7 {[%emt 0:01:10]} 7. e4 {[%emt 0:03:54]} e5 {[%emt 0:02:09]} 8. Nc3 {[%emt 0:00:27]} c6 {[%emt 0:08:45]} 9. a4 {[%emt 0:01:19]} a5 {[%emt 0:03:28]} 10. h3 {[%emt 0:03:49]} Rb8 11. d5 {[%emt 0:25:16]} Nc5 {[%emt 0:11:58]} 12. Nd2 {[%emt 0:03:24]} Ne8 {[%emt 0:09:44]} 13. Nc4 {[%emt 0:01:52]} f5 {[%emt 0:21:48]} 14. exf5 {[%emt 0:02:33]} gxf5 {[%emt 0:04:58]} 15. Be3 {[%emt 0:05:28]} f4 {[%emt 0:08:51]} 16. Bxc5 {[%emt 0:01:23]} dxc5 {[%emt 0:00:06]} 17. dxc6 {[%emt 0:05:54]} Qe7 {[%emt 0:07:18]} 18. Nxe5 {[%emt 0:11:32]} fxg3 {[%emt 0:00:40]} 19. fxg3 {[%emt 0:01:08]} Be6 {[%emt 0:04:43]} 20. Nd7 {[%emt 0:04:59]} 1-0

[Event "22nd ETCC Women 2019"]
[Site "Batumi"]
[Date "2019.10.24"]
[Round "1.22"]
[White "Frisk, Ellinor"]
[Black "Skripchenko, Almira"]
[Result "1/2-1/2"]
[WhiteElo "2227"]
[BlackElo "2403"]
[Annotator "NA"]
[PlyCount "81"]
[EventDate "2019.10.24"]
[EventType "team-tourn"]
[EventCountry "GEO"]
[SourceTitle "playchess.com"]
[Source "ChessBase"]
[SourceQuality "1"]
[WhiteTeam "Sweden"]
[BlackTeam "France"]
[WhiteTeamCountry "SWE"]
[BlackTeamCountry "FRA"]
[TimeControl "40/5400+30:1800+30"]

1. e4 {[%emt 0:00:00]} e5 {[%emt 0:01:24]} 2. Nf3 {[%emt 0:00:00]} Nc6 {[%emt 0:00:06]} 3. Bc4 {[%emt 0:00:00]} Nf6 {[%emt 0:02:14]} 4. Ng5 {[%emt 0:00:00]} d5 {[%emt 0:00:45]} 5. exd5 {[%emt 0:00:05]} b5 {[%emt 0:01:56]} 6. Bf1 {[%emt 0:04:22]} Nxd5 {[%emt 0:23:00]} 7. Bxb5 {[%emt 0:01:06]} Bb7 {[%emt 0:01:14]} 8. d4 {[%emt 0:05:43]} exd4 {[%emt 0:10:16]} 9. O-O {[%emt 0:04:54]} Qf6 {[%emt 0:09:07]} 10. Re1+ {[%emt 0:03:37]} Nde7 {[%emt 0:07:33]} 11. Qg4 {[%emt 0:11:29]} h6 {[%emt 0:09:47]} 12. Nf3 {[%emt 0:01:05]} Rd8 {[%emt 0:00:50]} 13. Na3 {[%emt 0:06:32]} Rd5 {[%emt 0:05:06]} 14. Bf4 {[%emt 0:09:04]} Kd8 {[%emt 0:06:18]} 15. Rad1 {[%emt 0:06:11]} g5 {[%emt 0:11:53]} 16. Be5 {[%emt 0:08:33]} Nxe5 {[%emt 0:01:00]} 17. Rxe5 {[%emt 0:00:31]} c6 {[%emt 0:00:39]} 18. Rxd5+ {[%emt 0:05:36]} Nxd5 {[%emt 0:00:09]} 19. Bc4 {[%emt 0:01:18]} Bxa3 {[%emt 0:01:21]} 20. bxa3 {[%emt 0:00:11]} Re8 {[%emt 0:03:17]} 21. Bxd5 {[%emt 0:12:16]} cxd5 {[%emt 0:00:07]} 22. Qxd4 {[%emt 0:01:04]} Qxd4 {[%emt 0:00:07]} 23. Nxd4 {[%emt 0:00:04]} Kc7 {[%emt 0:01:24]} 24. f3 {[%emt 0:00:51]} Ba6 {[%emt 0:01:16]} 25. Kf2 {[%emt 0:02:11]} Bc4 {[%emt 0:00:32]} 26. Re1 {[%emt 0:01:05]} Rxe1 {[%emt 0:00:38]} 27. Kxe1 {[%emt 0:00:01]} Bxa2 {[%emt 0:00:06]} 28. Nf5 {[%emt 0:03:20]} h5 {[%emt 0:00:48]} 29. Nh6 {[%emt 0:02:13]} d4 {[%emt 0:00:51]} 30. Nf5 {[%emt 0:01:55]} Kc6 {[%emt 0:00:28]} 31. Nxd4+ {[%emt 0:00:46]} Kc5 {[%emt 0:00:34]} 32. c3 {[%emt 0:03:08]} Kc4 {[%emt 0:00:40]} 33. Kd2 {[%emt 0:00:08]} Bb1 {[%emt 0:00:07]} 34. g3 {[%emt 0:01:45]} a6 {[%emt 0:00:20]} 35. h4 {[%emt 0:02:21]} gxh4 {[%emt 0:00:37]} 36. gxh4 {[%emt 0:00:01]} Bg6 {[%emt 0:00:07]} 37. f4 {[%emt 0:01:18]} Be4 {[%emt 0:00:29]} 38. Ke3 {[%emt 0:01:06]} Bb1 {[%emt 0:00:22]} 39. Kd2 {[%emt 0:00:06]} Be4 {[%emt 0:00:11]} 40. Ke3 {[%emt 0:00:00]} Bb1 {[%emt 0:00:00]} 41. Kd2 {[%emt 0:00:39]} 1/2-1/2

[Event "22nd ETCC Women 2019"]
[Site "Batumi"]
[Date "2019.10.24"]
[Round "1.23"]
[White "Navrotescu, Andreea-Cristiana"]
[Black "Cramling Bellon, Anna"]
[Result "1-0"]
[WhiteElo "2241"]
[BlackElo "2164"]
[Annotator "NA"]
[PlyCount "129"]
[EventDate "2019.10.24"]
[EventType "team-tourn"]
[EventCountry "GEO"]
[SourceTitle "playchess.com"]
[Source "ChessBase"]
[SourceQuality "1"]
[WhiteTeam "France"]
[BlackTeam "Sweden"]
[WhiteTeamCountry "FRA"]
[BlackTeamCountry "SWE"]
[TimeControl "40/5400+30:1800+30"]

1. d4 {[%emt 0:00:00]} Nf6 {[%emt 0:00:00]} 2. c4 {[%emt 0:00:00]} e6 {[%emt 0:00:00]} 3. Nc3 {[%emt 0:00:00]} Bb4 {[%emt 0:00:00]} 4. Qc2 {[%emt 0:00:00]} d5 {[%emt 0:00:02]} 5. cxd5 {[%emt 0:00:00]} Qxd5 {[%emt 0:00:14]} 6. Nf3 {[%emt 0:01:47]} Qf5 {[%emt 0:00:11]} 7. Qxf5 {[%emt 0:02:33]} exf5 {[%emt 0:00:08]} 8. a3 {[%emt 0:01:18]} Be7 {[%emt 0:02:30]} 9. g3 {[%emt 0:08:47]} c6 {[%emt 0:06:35]} 10. Bg2 {[%emt 0:02:07]} Be6 {[%emt 0:10:08]} 11. O-O {[%emt 0:07:39]} a5 {[%emt 0:08:16]} 12. Ne5 {[%emt 0:06:42]} O-O {[%emt 0:08:43]} 13. f3 {[%emt 0:13:47]} Rd8 {[%emt 0:10:57]} 14. Be3 {[%emt 0:03:07]} Nbd7 {[%emt 0:04:57]} 15. Nxd7 {[%emt 0:00:26]} Nxd7 {[%emt 0:09:00]} 16. Bf2 {[%emt 0:11:24]} Nb6 {[%emt 0:02:37]} 17. e4 {[%emt 0:00:27]} Nc4 {[%emt 0:01:41]} 18. Rfe1 {[%emt 0:05:26]} Bf8 {[%emt 0:19:02]} 19. Bf1 {[%emt 0:06:52]} Nd2 {[%emt 0:02:55]} 20. Be2 {[%emt 0:00:18]} fxe4 {[%emt 0:05:12]} 21. fxe4 {[%emt 0:00:30]} Bc4 {[%emt 0:04:36]} 22. Rad1 {[%emt 0:09:43]} Bxe2 {[%emt 0:00:06]} 23. Rxe2 {[%emt 0:00:18]} Nc4 {[%emt 0:00:56]} 24. a4 {[%emt 0:00:05]} Bb4 {[%emt 0:01:20]} 25. Na2 {[%emt 0:00:55]} Be7 {[%emt 0:01:02]} 26. b3 {[%emt 0:00:38]} Ne5 {[%emt 0:00:10]} 27. Kg2 {[%emt 0:00:30]} Ng4 {[%emt 0:00:48]} 28. Bg1 {[%emt 0:00:12]} c5 {[%emt 0:01:19]} 29. d5 {[%emt 0:03:01]} Ne5 {[%emt 0:00:11]} 30. Nc3 {[%emt 0:00:53]} b6 {[%emt 0:00:20]} 31. Nb5 {[%emt 0:01:00]} Bd6 {[%emt 0:00:10]} 32. h3 {[%emt 0:01:08]} h5 {[%emt 0:00:57]} 33. Bh2 {[%emt 0:02:54]} f6 {[%emt 0:00:15]} 34. g4 {[%emt 0:02:48]} hxg4 {[%emt 0:00:07]} 35. hxg4 {[%emt 0:00:02]} g5 {[%emt 0:01:20]} 36. Rf1 {[%emt 0:01:25]} Kg7 {[%emt 0:00:34]} 37. Ref2 {[%emt 0:01:52]} Nxg4 {[%emt 0:00:38]} 38. Bxd6 {[%emt 0:00:05]} Ne3+ {[%emt 0:00:26]} 39. Kg3 {[%emt 0:01:06]} Nxf1+ {[%emt 0:00:04]} 40. Rxf1 {[%emt 0:00:00]} Rd7 {[%emt 0:00:00]} 41. Nc7 {[%emt 0:13:04]} Rc8 {[%emt 0:09:30]} 42. Ne6+ {[%emt 0:05:46]} Kg8 {[%emt 0:02:57]} 43. Bc7 {[%emt 0:01:55]} Rcxc7 {[%emt 0:09:45]} 44. Nxc7 {[%emt 0:00:01]} Rxc7 {[%emt 0:00:05]} 45. Rxf6 {[%emt 0:00:04]} Re7 {[%emt 0:04:34]} 46. Kf3 {[%emt 0:00:38]} Kg7 {[%emt 0:01:57]} 47. Rxb6 {[%emt 0:03:34]} g4+ {[%emt 0:00:11]} 48. Kxg4 {[%emt 0:00:42]} Rxe4+ {[%emt 0:00:06]} 49. Kf5 {[%emt 0:00:04]} Re3 {[%emt 0:06:09]} 50. Rb5 {[%emt 0:02:22]} Kf7 {[%emt 0:00:28]} 51. Kf4 {[%emt 0:00:56]} Rc3 {[%emt 0:00:49]} 52. Ke5 {[%emt 0:00:13]} Ke7 {[%emt 0:00:27]} 53. Rb7+ {[%emt 0:00:41]} Ke8 {[%emt 0:00:34]} 54. Ke6 {[%emt 0:00:51]} Re3+ {[%emt 0:00:23]} 55. Kd6 {[%emt 0:00:07]} Rc3 {[%emt 0:00:24]} 56. Rb8+ {[%emt 0:00:45]} Kf7 {[%emt 0:00:01]} 57. Rb5 {[%emt 0:00:24]} c4 {[%emt 0:00:55]} 58. bxc4 {[%emt 0:00:05]} Rxc4 {[%emt 0:00:04]} 59. Rxa5 {[%emt 0:00:04]} Ke8 {[%emt 0:01:11]} 60. Ra8+ {[%emt 0:00:06]} Kf7 {[%emt 0:00:03]} 61. Kd7 {[%emt 0:00:26]} Rd4 {[%emt 0:00:57]} 62. d6 {[%emt 0:00:05]} Rc4 {[%emt 0:00:26]} 63. a5 {[%emt 0:00:11]} Rc5 {[%emt 0:00:33]} 64. a6 {[%emt 0:00:08]} Ra5 {[%emt 0:00:28]} 65. Kc6 {[%emt 0:00:16]} 1-0